01009nam a22002297a 450000500170000001000250001702000260004203500230006803700130009103700120010408200140011624501320013026000330026227000450029530000330034050000400037370000260041394200280043999900170046795201340048495201610061820120109115952.0 aENG-104653 B-492470 a9788174469069c695.00 aEN-88186 B-492470 bDBAD/PUB bUBH/Ven a658.00954 aThe myths and realities of India advantage :cedited by Rajiv Divekar...[et al]bwhat needs to be done to reach the potential / aNew DelhibExcel Booksc2011 aA-45, Naraina, Phase1bNew Delhie110028 axxx,530p. :c24cm(pbk)bill. aIncludes bibliographical references aDivekar, Rajiv938637 2ddccENmMYTh658.00954 c60508d60508 00102ddc40718NFICaDBADbDBADd2012-01-09eDBAD/PUBg695.00l0oMYTpEN-88186r2012-01-09 00:00:00t1v695.00w2012-01-09yEN 001040708NFICaZLSbZLSd2013-02-28eUBH/214/18.01.2013/129/18.12.2012/29.01.2013g695.00l0o658.00954 MYTpB-492470r2013-02-28 00:00:00t1v695.00yEN